<A> Discrete-time consumption-CAP Model under durability of goods, habit formation and temporal aggregation

Na minha lista:
Detalhes bibliográficos
Autor principal: Ermini, Luigi
Formato: Livro
Idioma:inglês
Publicado em: San Domenico (FI) European University Institute 1994
Colecção:EUI Working paper ECO No. 94/29
Assuntos:
Tags: Adicionar Tag
Sem tags, seja o primeiro a adicionar uma tag!

MARC

LEADER 00000nam a2200000 4500
001 c143026
005 20221123112247.7
041 0 |a eng 
044 |a IT 
245 1 0 |a <A> Discrete-time consumption-CAP Model under durability of goods, habit formation and temporal aggregation  |c Luigi Ermini 
264 1 |a San Domenico (FI)  |b European University Institute  |c 1994 
300 |a 19 s. 
490 1 |a EUI Working paper ECO  |v No. 94/29 
830 0 |a EUI Working paper ECO  |v No. 94/29 
610 2 0 |a spotreba 
610 2 0 |a tovar 
610 2 0 |a agregácia 
610 2 0 |a čas 
610 2 0 |a modely 
610 2 0 |a modely cenové 
100 1 |a Ermini, Luigi